[Event "EU-ch Hybrid U12"]
[Site "Tornelo INT"]
[Date "2021.10.15"]
[Round "8"]
[White "Alves, Jose Pedro Figueire"]
[Black "Kanchev, Martin"]
[Result "0-1"]
[WhiteElo "1206"]
[BlackElo "1374"]
[PlyCount "50"]
[EventDate "2021.10.15"]
[EventType "swiss"]
[EventRounds "9"]
[EventCountry "NET"]
[SourceTitle "EXT 2023"]
[Source "ChessBase"]
[SourceDate "2022.10.05"]
[SourceVersion "1"]
[SourceVersionDate "2022.10.05"]
[SourceQuality "1"]
[WhiteTeam "Portugal"]
[BlackTeam "Bulgaria"]
[WhiteTeamCountry "POR"]
[BlackTeamCountry "BUL"]

1. e4 c5 2. Nf3 Nc6 3. Bb5 g6 4. 0-0 Bg7 5. c3 Nf6 6. Re1 0-0 7. d4 cxd4 8. cxd4 Qb6 9. Bxc6 dxc6 10. b3 Bg4 11. Bb2 Rfd8 12. Nbd2 c5 13. d5 Nxe4 14. Bxg7 Nxd2 15. Qxd2 Kxg7 16. Qc3+ Qf6 17. Qxc5 Bxf3 18. gxf3 Qxf3 19. Rxe7 Rxd5 20. Qb4 Rg5+ 21. Kf1 Qh1+ 22. Ke2 Qxa1 23. Qxb7 Re5+ 24. Rxe5 Qxe5+ 25. Kd3 Rd8+ 0-1

[Event "EU-ch Hybrid U12"]
[Site "Tornelo INT"]
[Date "2021.10.15"]
[Round "5"]
[White "Kanchev, Martin"]
[Black "Kaleshi, Patrik"]
[Result "1-0"]
[WhiteElo "1374"]
[BlackElo "1128"]
[PlyCount "87"]
[EventDate "2021.10.15"]
[EventType "swiss"]
[EventRounds "9"]
[EventCountry "NET"]
[SourceTitle "EXT 2023"]
[Source "ChessBase"]
[SourceDate "2022.10.05"]
[SourceVersion "1"]
[SourceVersionDate "2022.10.05"]
[SourceQuality "1"]
[WhiteTeam "Bulgaria"]
[BlackTeam "Albania"]
[WhiteTeamCountry "BUL"]
[BlackTeamCountry "ALB"]

1. e4 e5 2. Nf3 Nc6 3. Nc3 Nf6 4. Bb5 d6 5. d4 exd4 6. Nxd4 Bd7 7. Bxc6 Bxc6 8. Nxc6 bxc6 9. Qf3 Qd7 10. Bg5 Be7 11. Rd1 Qe6 12. 0-0 0-0 13. Rfe1 Nd7 14. Bxe7 Qxe7 15. Qg3 Qe5 16. Qxe5 Nxe5 17. f4 Ng6 18. g3 Rfe8 19. Kf2 Rab8 20. b3 f6 21. Rd4 Kf7 22. Ra4 Rb7 23. Ra6 c5 24. a4 Ne7 25. Nb5 Nc8 26. Rc6 Re7 27. e5 fxe5 28. fxe5 Rxe5 29. Rxe5 dxe5 30. Rxc5 Kf6 31. Nxc7 Nd6 32. Rc6 Ke7 33. Nd5+ Kd7 34. Ra6 Ke6 35. Ne3 Rd7 36. Nc4 Kd5 37. Rxd6+ Rxd6 38. Nxd6 Kxd6 39. b4 Kd5 40. c3 g6 41. a5 Kc4 42. Ke3 Kd5 43. b5 Kc5 44. c4 1-0

[Event "EU-ch Hybrid U12"]
[Site "Tornelo INT"]
[Date "2021.10.15"]
[Round "7"]
[White "Kanchev, Martin"]
[Black "Kotelnikov, Matvei"]
[Result "0-1"]
[WhiteElo "1374"]
[BlackElo "1302"]
[PlyCount "52"]
[EventDate "2021.10.15"]
[EventType "swiss"]
[EventRounds "9"]
[EventCountry "NET"]
[SourceTitle "EXT 2023"]
[Source "ChessBase"]
[SourceDate "2022.10.05"]
[SourceVersion "1"]
[SourceVersionDate "2022.10.05"]
[SourceQuality "1"]
[WhiteTeam "Bulgaria"]
[BlackTeam "Russia"]
[WhiteTeamCountry "BUL"]
[BlackTeamCountry "RUS"]

1. e4 e5 2. Nf3 Nc6 3. Nc3 Nf6 4. Bb5 Bc5 5. 0-0 0-0 6. Nxe5 Nxe5 7. d4 Bd6 8. f4 Nc6 9. e5 Bb4 10. exf6 Qxf6 11. Nd5 Qd6 12. Bxc6 dxc6 13. Nxb4 Qxb4 14. c3 Qd6 15. a4 a5 16. b3 Qg6 17. g3 Bg4 18. Qd2 Rfe8 19. Re1 Rxe1+ 20. Qxe1 Qc2 21. Ra3 Bh3 22. Qd2 Qe4 23. b4 Re8 24. Bb2 Qf3 25. c4 Re1+ 26. Qxe1 Qg2# 0-1

[Event "EU-ch Hybrid U12"]
[Site "Tornelo INT"]
[Date "2021.10.15"]
[Round "4"]
[White "Popov, Roman4444"]
[Black "Kanchev, Martin"]
[Result "1-0"]
[WhiteElo "1641"]
[BlackElo "1374"]
[PlyCount "157"]
[EventDate "2021.10.15"]
[EventType "swiss"]
[EventRounds "9"]
[EventCountry "NET"]
[SourceTitle "EXT 2023"]
[Source "ChessBase"]
[SourceDate "2022.10.05"]
[SourceVersion "1"]
[SourceVersionDate "2022.10.05"]
[SourceQuality "1"]
[WhiteTeam "Czech Republic"]
[BlackTeam "Bulgaria"]
[WhiteTeamCountry "CZE"]
[BlackTeamCountry "BUL"]

1. d4 d5 2. c4 e6 3. Nc3 c6 4. cxd5 exd5 5. Qc2 f5 6. Nf3 Nf6 7. Bg5 Be7 8. e3 0-0 9. Bd3 Ne4 10. Bxe7 Qxe7 11. 0-0 Bd7 12. a3 Be8 13. b4 b5 14. Ne5 Rf6 15. Ne2 Nd6 16. Rfd1 Qb7 17. Nc1 Bg6 18. Nb3 Nc4 19. Nc5 Qc7 20. Nf3 Nd7 21. a4 Nxc5 22. bxc5 f4 23. e4 Bxe4 24. Bxe4 dxe4 25. Qxe4 Nb2 26. Re1 Nxa4 27. Ng5 g6 28. Ne6 Qd7 29. Nxf4 Raf8 30. Nd3 Nc3 31. Qe3 Nd5 32. Qe2 Nc3 33. Qe3 Nd5 34. Qg3 Nf4 35. Nxf4 Rxf4 36. Ra2 Qxd4 37. Rc1 b4 38. Re2 a5 39. Qb3+ Kh8 40. Rd1 Qxc5 41. Qb2+ Qc3 42. Qa2 b3 43. Qb1 Qf6 44. Rdd2 a4 45. Qd1 c5 46. Rd6 Qc3 47. Rd3 Qc4 48. Qa1+ Rd4 49. Red2 Kg8 50. Rxd4 cxd4 51. Rxd4 Qc2 52. Qe1 Qf5 53. Rxa4 b2 54. Rb4 Qf6 55. Qd2 Re8 56. h3 h5 57. Rxb2 Kg7 58. Rb7+ Re7 59. Rb1 g5 60. Rb5 Kg6 61. h4 gxh4 62. Qd1 Re5 63. Qd3+ Kg7 64. Rb7+ Re7 65. Rxe7+ Qxe7 66. Qd4+ Kg6 67. Qf4 Qe1+ 68. Kh2 Qe7 69. f3 Qd8 70. Kh3 Qg5 71. Qxg5+ Kxg5 72. f4+ Kxf4 73. Kxh4 Ke4 74. Kxh5 Kf5 75. g4+ Kf6 76. Kh6 Kf7 77. g5 Kf8 78. Kh7 Kf7 79. g6+ 1-0